000 00412nam a2200109Ia 4500
008 160909s9999 xx 000 0 und d
100 _aWeek
245 3 _aAn ecological study of instructor views of free use multitasking with digital devices in the classroom
260 _bUniversity of Nevada, Reno.
_c2016
650 _aInformation Technology
856 _uhttp://pqdtopen.proquest.com/doc/1808428055.html?FMT=ABS
999 _c303764
_d303764